David Adjaye : (Record no. 607910)

000 -LEADER
fixed length control field 00850nam a22002895i 4500
001 - CONTROL NUMBER
control field 18942973
003 - CONTROL NUMBER IDENTIFIER
control field OSt
005 - DATE AND TIME OF LATEST TRANSACTION
control field 20240220151728.0
008 - FIXED-LENGTH DATA ELEMENTS--GENERAL INFORMATION
fixed length control field 160120s2016 nyu 000 0 eng
010 ## - LIBRARY OF CONGRESS CONTROL NUMBER
LC control number 2016931260
020 ## - INTERNATIONAL STANDARD BOOK NUMBER
International Standard Book Number 9780500343258
040 ## - CATALOGING SOURCE
Original cataloging agency DLC
Language of cataloging eng
Description conventions rda
Transcribing agency DLC
042 ## - AUTHENTICATION CODE
Authentication code pcc
082 ## - DEWEY DECIMAL CLASSIFICATION NUMBER
Classification number 720.92
Author Mark DAV
245 00 - TITLE STATEMENT
Title David Adjaye :
Remainder of title living spaces.
Statement of responsibility, etc. Edited By Peter Allison
260 ## - PUBLICATION, DISTRIBUTION, ETC.
Name of publisher, distributor, etc. Thames & Hudson;
Date of publication, distribution, etc. 2017.
263 ## - PROJECTED PUBLICATION DATE
Projected publication date 1609
300 ## - PHYSICAL DESCRIPTION
Extent 301p.:
650 #0 - SUBJECT ADDED ENTRY--TOPICAL TERM
Topical term or geographic name entry element Architecture, Domestic
9 (RLIN) 10043
650 #0 - SUBJECT ADDED ENTRY--TOPICAL TERM
Topical term or geographic name entry element Adjaye, David
9 (RLIN) 120864
650 #0 - SUBJECT ADDED ENTRY--TOPICAL TERM
Topical term or geographic name entry element Architecture
General subdivision Environmental aspects
9 (RLIN) 31762
700 1# - ADDED ENTRY--PERSONAL NAME
Personal name Allison, Peter
9 (RLIN) 33811
906 ## - LOCAL DATA ELEMENT F, LDF (RLIN)
a 0
b ibc
c orignew
d 2
e epcn
f 20
g y-gencatlg
942 ## - ADDED ENTRY ELEMENTS (KOHA)
Source of classification or shelving scheme
Koha item type Book
Institution code [OBSOLETE] SADA
Call number prefix 720.92 DAV 2017
Holdings
Withdrawn status Lost status Source of classification or shelving scheme Damaged status Not for loan Permanent Location Current Location Date acquired Source of acquisition Total Checkouts Full call number Barcode Date last seen Cost, replacement price Price effective from Koha item type
          School of Art Design and Architecture (SADA) School of Art Design and Architecture (SADA) 08/16/2018 Golden Books   720.92 DAV 2017 SADA0002805 02/20/2024 6387.11 02/20/2024 Book
© 2023 Central Library, National University of Sciences and Technology. All Rights Reserved.